| Поле | Название | Значение |
| |
Тип записи |
a |
| |
Библиографический уровень |
m |
| 001 |
Контрольный номер |
RU/REG73/CBS_GRAD/c17fe8d5b1de486694902b373a22352c |
| 005 |
Дата корректировки |
20230519162647.3 |
| 010 |
Индекс ISBN |
__ |
| a |
ISBN |
5-235-01431-6 |
| 100 |
Данные общей обработки |
__ |
| a |
Данные общей обработки |
20230519d 0rusy0189## ca |
| 101 |
Язык документа |
0_ |
| a |
Язык текста |
rus |
| 102 |
Страна публикации |
__ |
| a |
Страна публикации |
RU |
| 200 |
Заглавие и сведения об ответственности |
1_ |
| a |
Заглавие |
Петра творенье |
| f |
Первые сведения об ответственности |
Фирсов Иван Иванович |
| 200 |
Заглавие и сведения об ответственности |
1_ |
| e |
Сведения, относящиеся к заглавию |
К 300-летию русского флота |
| 210 |
Выходные данные |
1_ |
| a |
Место издания |
Москва |
| c |
Издательство |
Молодая гвардия |
| d |
Дата издания |
1992 |
| 215 |
Физическое описание |
__ |
| a |
Объем |
269 с.: ил. |
| 686 |
Индексы других классификаций |
__ |
| a |
Классификационный индекс |
63.3(2)46 |
| 700 |
Автор |
_1 |
| a |
Фамилия |
Фирсов |
| g |
Полное личное имя |
Иван Иванович |
| 801 |
Источник записи |
_0 |
| a |
Страна |
RU |
| b |
Организация |
RuCBSGrad |
| c |
Дата составления |
20230519 |
| g |
Правила каталогизации |
RCR |
| 801 |
Источник записи |
_1 |
| a |
Страна |
RU |
| b |
Организация |
RuCBSGrad |
| c |
Дата составления |
20230519 |
| g |
Правила каталогизации |
RCR |
| 901 |
Тип документа |
__ |
| t |
Тип документа |
m |